Serbian royal dynasties - Statistics

General Stats
  • This quiz has been taken 15 times
  • The average score is 6 of 11
Answer Stats
Hint Answer % Correct
(1815–1842) (1858–1903) Obrenović
100%
(1842–1858) (1903–1945) Karađorđević
85%
(1166–1371) Nemanjić
85%
(1427–1459) Branković
77%
(1371–1427) Lazarević
77%
(1697–1918) Petrović-Njegoš
62%
(768–960) Vlastimirović
54%
(992–1094) Vojislavljević
31%
(1362–1421) Balšić
23%
(1083–1166) Vukanović
23%
(1451–1496) Crnojević
15%
No matching quizzes found
Score Distribution
Percent of People with Each Score
Percentile by Number Answered
Your Score History
You have not taken this quiz